|
|
|
|
| LEADER |
00000nam1a2200000 4500 |
| 001 |
222395 |
| 005 |
20231031200026.0 |
| 010 |
|
|
|a 9785170134137
|
| 010 |
|
|
|a 978-5-271-07713-5
|
| 035 |
|
|
|a (RuTPU)RU\TPU\book\242604
|
| 035 |
|
|
|a RU\TPU\book\157260
|
| 090 |
|
|
|a 222395
|
| 100 |
|
|
|a 20120924d2009 m y0rusy50 ca
|
| 101 |
0 |
|
|a rus
|
| 102 |
|
|
|a RU
|
| 200 |
1 |
|
|a История России
|e учебник: в 2 т.
|f Российская академия наук (РАН), Институт российской истории (ИРИ); под ред. А. Н. Сахарова
|
| 210 |
|
|
|a Москва
|c АСТ
|c Астрель
|a Владимир
|c ВКТ
|d 2009
|
| 702 |
|
1 |
|a Сахаров
|b А. Н.
|g Андрей Николаевич
|4 340
|
| 712 |
0 |
2 |
|a Российская академия наук (РАН)
|b Институт российской истории (ИРИ)
|c (1992- )
|c (Москва)
|2 stltpush
|3 (RuTPU)RU\TPU\col\175
|
| 801 |
|
1 |
|a RU
|b 63413507
|c 20081013
|g PSBO
|
| 801 |
|
2 |
|a RU
|b 63413507
|c 20120924
|g RCR
|
| 942 |
|
|
|c BK
|